000 00779nab a2200253 u 4500
001 19343
003 HDC
007 cr bn ---aaaaa
008 210228c20091105xx dr|noo 0 a eng d
040 _aHDC
245 0 _aReaping the rewards
260 _a[No place] :
_b[publisher not identified],
_c2009
300 _a1 online resource
336 _atext
_2rdacontent
337 _acomputer
_2rdamedia
338 _aonline resource
_2rdacarrier
650 _ahalal food
_950
650 _aHalal products
_9642
710 _aHalal Focus
856 _zRequest full-text at [email protected]
942 _2lcc
942 _cNEWS
942 _kNWSO 006220
999 _c16659
_d16659